02195 a2200253 45000010006000000050017000060080041000230030015000640400040000790800073001192450014001920200022002062500013002282640042002413000025002835051339003081000019016477000020016667000033016867000027017197000047017467000044017938560104018372490120260407155531.0260407a2012 arg spa dAR-UNSa-BCEJYS aAR-UNSa-BCEJYSbspacAR-UNSa-BCEJYS a658.8xOrganización de mercados. Marketing. Ventas. Distribución10aMarketing a978-607-32-1420-9 a14a. ed. 1aMéxico :bPearson Educaciónc2012 axxvi, 613 p.c27 cm. a1, Marketing. Creación y captación de valor del cliente - 2. Empresa y estrategia de marketing. Asociaciones para establecer relaciones con el cliente - 3. Análisis del entorno de marketing - 4. Administración de la información de marketing para conocer a los clientes - 5. Administración de la información de marketing para conocer a los clientes - 6. Mercados de negocios y comportamiento de compras de negocios - 7. Estrategia de marketing impulsada por el cliente: creación de valor para los clientes meta - 8. Productos, servicios y marcas. Creación de valor para el cliente - 9. Desarrollo de nuevos productos y estrategias del ciclo de vida de los productos - 10. Comprensión de la fijación de precios y obtención del valor del cliente - 11. Estrategias de fijación de precios - 12. Canales de marketing: transferencia de valor para el cliente - 13. Venta al menudeo y al mayoreo - 14. Comunicación de valor para el cliente: estrategia de comunicación de marketing integrada - 15. Publicidad y relaciones públicas - 16. Ventas personales y promoción de ventas - 17: Marketing directo y marketing en línea: establecimiento de relaciones directas con los clientes - 18. Creación de una ventaja competitiva - 19. El mercado global - 20. Marketing sustentable: ética y responsabilidad social1 aKotler, Philip1 aArmstrong, Gary1 aPineda Ayala, Leticia Esther1 aMerino, María Isabel1 aAscanio Rivera, María de la Luz Eloísa1 aEspinosa Reyna, José Habvi de Jesús41uhttps://biblioeco.unsa.edu.ar/pmb/images/libros/Marketing (2012).jpgyImagen de portadaqimage/jpeg